Statistics for Countries by Spanish Ancestry

Click here to take the quiz!

General Stats

  • This quiz has been taken 79 times
  • The average score is 16 of 20

Answer Stats

SpanishCountry% Correct
105.700.000Mexico
97%
2.390.000United States
95%
26.500.000Argentina
94%
15.620.000Chile
92%
39.000.000Colombia
92%
18.600.000Peru
92%
8.000.000Brazil
88%
10.050.000Cuba
85%
8.750.000Guatemala
85%
25.070.000Venezuela
85%
9.550.000Dominican Republic
83%
1.000.000Uruguay
83%
3.350.000Costa Rica
82%
5.350.000Nicaragua
82%
4.780.000Bolivia
80%
4.000.000France
78%
250.000United Kingdom
74%
6.050.000El Salvador
72%
355.000Germany
68%
125.000Switzerland
40%

Score Distribution

Percentile by Number Answered

Percent of People with Each Score

Your Score History

You have not taken this quiz